000 00559nam a2200145 4500
999 _c15458
_d15458
008 200527b ||||| |||| 00| 0 eng d
022 _a2094-8042
082 _aDPer 370.105 M72 June 2010-Mar 2011 v. 59 n. 1-10
100 _aDicdican, Romulo C.
_942222
245 _aLesson plan in teaching problem solving involving probability for grade six/
_cRomulo C. Dicdican.
260 _aPhilippines:
_bIn the Grade School, Inc.,
_cc2010-2011.
300 _av59 n4, pages 167-168;
_c28 cm.
650 _aProgrammed instruction
_942161
_xMathematics.
942 _2ddc
_cPER